[Event "286th YMCA Spring A"]
[Site "Warsaw"]
[Date "2024.04.12"]
[Round "1"]
[White "Chalupnik, Marcin"]
[Black "Slomczewski, Michal"]
[Result "1/2-1/2"]
[WhiteElo "2056"]
[BlackElo "2106"]
[PlyCount "114"]
[EventDate "2024.04.10"]
[EventType "tourn"]
[EventRounds "1"]
[EventCountry "POL"]
[SourceDate "2024.04.10"]

1. e4 e5 2. Nf3 Nc6 3. Bb5 a6 4. Ba4 d6 5. O-O Bg4 6. d3 b5 7. Bb3 Nd4 8. Nbd2
Be7 9. c3 Nxb3 10. Qxb3 Nf6 11. a4 Rb8 12. axb5 axb5 13. h3 Be6 14. Qc2 Nh5 15.
d4 Bf6 16. dxe5 dxe5 17. Nb3 Nf4 18. Bxf4 exf4 19. Nc5 Bc8 20. e5 Bg5 21. Rad1
Qe7 22. b4 O-O 23. Nd4 Rb6 24. Qe4 Bh6 25. Rfe1 Re8 26. Qd3 g5 27. Nxb5 Bg7 28.
Na3 h5 29. Nc4 Rg6 30. Qe4 Bh6 31. e6 Bxe6 32. Rd7 Qf6 33. Rxc7 g4 34. hxg4
hxg4 35. Nd6 Rd8 36. Nxe6 Rxd6 37. Qa8+ Kh7 38. Nf8+ Bxf8 39. Qxf8 Rg7 40. Rc8
g3 41. Qh8+ Kg6 42. Rc5 Rh7 43. Qxf6+ Kxf6 44. fxg3 fxg3 45. Rce5 Rh4 46. R5e3
Rg4 47. Rf3+ Kg6 48. Kf1 f5 49. Ke2 Kg5 50. Re3 Ra6 51. Kf3 Ra2 52. R1e2 Ra1
53. Re1 Ra2 54. R3e2 Ra3 55. Rc2 Rxb4 56. Kxg3 Rc4 57. Rec1 Ra8 $11 1/2-1/2

[Event "286th YMCA Spring A"]
[Site "Warsaw"]
[Date "2024.04.12"]
[Round "1"]
[White "Borowy, Cezary"]
[Black "Lewandrowski, Tomasz"]
[Result "1-0"]
[WhiteElo "2006"]
[BlackElo "1919"]
[PlyCount "123"]
[EventDate "2024.04.10"]
[EventType "tourn"]
[EventRounds "1"]
[EventCountry "POL"]
[SourceDate "2024.04.10"]

1. d4 d5 2. Bf4 Nf6 3. e3 e6 4. Nf3 Bd6 5. Bg3 O-O 6. Nbd2 b6 7. Bd3 Bb7 8. Ne5
Nbd7 9. f4 Ne4 10. Nxd7 Qxd7 11. O-O f5 12. Nxe4 dxe4 13. Be2 Be7 14. c3 a5 15.
a4 Ba6 16. Bxa6 Rxa6 17. Qb3 Raa8 18. Rfd1 Rad8 19. c4 Bb4 20. Bh4 Rde8 21.
Rac1 Qf7 22. c5 bxc5 23. dxc5 e5 24. Qxf7+ Rxf7 25. Bg3 exf4 26. Bxf4 h6 27. h4
Re6 28. Rd5 Rc6 29. Be5 Kh7 30. h5 g6 31. hxg6+ Kxg6 32. Bd4 f4 33. Rf1 fxe3
34. Rxf7 Kxf7 35. Bxe3 Kf6 36. Kf1 Re6 37. Bxh6 c6 38. Rd6 Rxd6 39. cxd6 Bxd6
40. g4 Bc5 41. Ke2 Ke5 42. Be3 Be7 43. b3 Bd8 44. Kf2 Bh4+ 45. Kg2 Bd8 46. Kg3
Kd5 47. g5 c5 48. g6 Bf6 49. Kf4 Bg7 50. Bd2 Kd4 51. Bxa5 e3 52. Be1 Bh6+ 53.
Kf3 c4 54. bxc4 Kxc4 55. Bg3 Kb4 56. Bf4 Bg7 57. Kxe3 Kxa4 58. Ke4 Kb4 59. Kd5
Kb5 60. Ke6 Kc6 61. Bg5 Kc5 62. Kf7 1-0

[Event "286th YMCA Spring A"]
[Site "Warsaw"]
[Date "2024.04.12"]
[Round "1"]
[White "Choroszej, Aleksander"]
[Black "Golecki, Jan"]
[Result "1/2-1/2"]
[WhiteElo "1962"]
[BlackElo "2166"]
[PlyCount "113"]
[EventDate "2024.04.10"]
[EventType "tourn"]
[EventRounds "1"]
[EventCountry "POL"]
[SourceDate "2024.04.10"]

1. d4 Nf6 2. c4 e6 3. Nc3 Bb4 4. f3 c5 5. d5 b5 6. e4 d6 7. Nge2 bxc4 8. Nf4 g5
9. Nfe2 exd5 10. exd5 Qe7 11. Bxg5 Bxc3+ 12. bxc3 Nbd7 13. Qd2 Rg8 14. h4 h6
15. Bxh6 Ne5 16. Kf2 Nd3+ 17. Kg1 Ne5 18. Bg5 Ne4 19. Qe3 Nxg5 20. hxg5 Rb8 21.
Ng3 Qxg5 22. Qxg5 Rxg5 23. Ne4 Rg6 24. Nxd6+ Rxd6 25. Re1 f6 26. f4 Rxd5 27.
Bxc4 Rd1 28. Rh8+ Ke7 29. Rh7+ Ke8 30. Rxd1 Nxc4 31. Kh2 Nb6 32. Rh8+ Ke7 33.
Rdd8 Ke6 34. g4 Rb7 35. Rhe8+ Re7 36. Rxc8 Nxc8 37. Rxc8 Kd5 38. Rf8 Re6 39.
Kg3 Kc4 40. g5 fxg5 41. fxg5 Kxc3 42. Kg4 c4 43. Kf5 Re2 44. Ra8 Rf2+ 45. Ke5
Re2+ 46. Kf6 Rf2+ 47. Ke5 Kb2 48. Rxa7 c3 49. Rb7+ Kxa2 50. g6 Re2+ 51. Kf6 Re8
52. Rc7 Kb2 53. Kf7 Rb8 54. g7 c2 55. Rxc2+ Kxc2 56. g8=Q Rxg8 57. Kxg8 1/2-1/2

[Event "286th YMCA Spring A"]
[Site "Warsaw"]
[Date "2024.04.12"]
[Round "1"]
[White "Rudolf, Michal"]
[Black "Flis, Piotr"]
[Result "1-0"]
[WhiteElo "2268"]
[BlackElo "1891"]
[PlyCount "89"]
[EventDate "2024.04.10"]
[EventType "tourn"]
[EventRounds "1"]
[EventCountry "POL"]
[SourceDate "2024.04.10"]

1. e4 e5 2. Nf3 Nc6 3. Bc4 Nf6 4. d3 Bc5 5. O-O O-O 6. Re1 h6 7. c3 d6 8. h3 a5
9. Bb3 Be6 10. Ba4 Ba7 11. Nbd2 Ne7 12. Nf1 Ng6 13. Ng3 c6 14. d4 Qc7 15. Bc2
Rad8 16. Qe2 Rfe8 17. Be3 Bb8 18. a4 d5 19. dxe5 Nxe4 $11 20. Nf1 Nxe5 21. Nxe5
Qxe5 22. Bb6 Bc7 23. Bxe4 dxe4 24. Bxc7 Qxc7 25. Qxe4 Qd7 26. Qc2 Qd3 27. Qc1
Bb3 28. Qf4 Qc2 29. Qc7 Qxb2 30. Reb1 Qc2 31. Ne3 Qxc3 32. Ra3 Rc8 33. Qb6 Qb4
34. Rbxb3 Qe1+ 35. Nf1 Rcd8 36. Rb1 Rd1 37. Rxd1 Qxd1 38. Qxb7 Re1 39. Qc8+ Kh7
40. Qf5+ Kg8 41. Rd3 Rxf1+ 42. Kh2 Rh1+ 43. Kg3 Rxh3+ 44. Kxh3 Qh1+ 45. Kg3 1-0

[Event "286th YMCA Spring A"]
[Site "Warsaw"]
[Date "2024.04.09"]
[Round "1"]
[White "Polak, Michal"]
[Black "Kowalski, Witold"]
[Result "0-1"]
[WhiteElo "1952"]
[BlackElo "1925"]
[PlyCount "92"]
[EventDate "2024.04.10"]
[EventType "tourn"]
[EventRounds "1"]
[EventCountry "POL"]
[SourceDate "2024.04.10"]

1. e4 c5 2. Nc3 Nc6 3. g3 g6 4. Bg2 Bg7 5. d3 d6 6. Be3 Nd4 7. Qd2 e6 8. Nge2
Ne7 9. O-O O-O 10. Nc1 e5 11. Nd1 Bh3 12. c3 Bxg2 13. Kxg2 Ne6 14. f4 f5 15.
Ne2 Qc8 16. Nf2 Qc6 17. Kg1 Rad8 18. Rad1 exf4 19. Nxf4 Nxf4 20. Bxf4 d5 21.
Bg5 Rd7 22. Qc2 d4 23. c4 h6 24. Bc1 Nc8 25. Rde1 Rdf7 26. Qe2 Nd6 27. Bf4 fxe4
28. Bxd6 Qxd6 29. Nxe4 Qe5 30. Rxf7 Rxf7 31. Qg4 Kh7 32. Rf1 Rf5 33. Kg2 b6 $11
34. b3 a6 35. h4 b5 36. Qe2 Kg8 37. Re1 Kh7 38. Nf2 Qf6 39. Ng4 Qb6 40. Qe6
Qb7+ 41. Qe4 Qb6 42. Qe8 bxc4 43. Re6 Qb7+ 44. Kh2 Rf7 45. bxc4 h5 46. Ne5 Rf2+
0-1

[Event "286th YMCA Spring A"]
[Site "Warsaw"]
[Date "2024.04.10"]
[Round "1"]
[White "Warszawski, Bartosz"]
[Black "Basiaga, Sebastian"]
[Result "1-0"]
[WhiteElo "2118"]
[BlackElo "1917"]
[PlyCount "57"]
[EventDate "2024.04.10"]
[EventType "tourn"]
[EventRounds "1"]
[EventCountry "POL"]
[SourceDate "2024.04.10"]

1. e4 e5 2. Nf3 Nf6 3. d4 Nxe4 4. Bd3 d5 5. Nxe5 Bd6 6. O-O O-O 7. c4 Bxe5 8.
dxe5 Nc6 9. cxd5 Qxd5 10. Qf3 f5 11. exf6 Nxf6 12. Qxd5+ Nxd5 13. Bc4 Be6 14.
Rd1 Nf4 15. Bxf4 Bxc4 16. Bxc7 Rac8 17. Bd6 Rf7 18. Nc3 Rd7 19. Bc5 Rcd8 20. b3
Rxd1+ 21. Rxd1 Rxd1+ 22. Nxd1 Bd3 23. f3 Kf7 24. Kf2 Ke6 25. Ke3 Bc2 26. Nc3 g6
27. Kd2 b6 28. Be3 Nb4 29. a3 1-0

[Event "286th YMCA Spring A"]
[Site "Warsaw"]
[Date "2024.04.24"]
[Round "2"]
[White "Slomczewski, Michal"]
[Black "Basiaga, Sebastian"]
[Result "1-0"]
[WhiteElo "2106"]
[BlackElo "1917"]
[PlyCount "63"]
[EventDate "2024.04.10"]
[EventType "tourn"]
[EventRounds "1"]
[EventCountry "POL"]
[SourceDate "2024.04.10"]

1. d4 d5 2. c4 c6 3. cxd5 cxd5 4. Bg5 Nf6 5. Bxf6 gxf6 6. Nc3 e6 7. e3 f5 8. g3
Nd7 9. Nf3 Be7 10. Bd3 b6 11. Rc1 a6 12. O-O Bb7 13. Ne2 O-O 14. Kh1 Nf6 15.
Rg1 Rc8 16. Rxc8 Qxc8 17. Nf4 Kh8 18. h3 Rg8 19. Qe2 b5 20. Kh2 Bd6 21. Nh4 Qf8
22. Nh5 Qh6 23. Nxf6 Qxf6 24. f4 Qe7 25. Qh5 Bc6 26. g4 f6 27. gxf5 Rxg1 28.
Kxg1 Qg7+ 29. Kf2 e5 30. dxe5 fxe5 31. f6 Qc7 32. fxe5 1-0

[Event "286th YMCA Spring A"]
[Site "Warsaw"]
[Date "2024.04.16"]
[Round "2"]
[White "Kowalski, Witold"]
[Black "Warszawski, Bartosz"]
[Result "1-0"]
[WhiteElo "1925"]
[BlackElo "2118"]
[PlyCount "73"]
[EventDate "2024.04.10"]
[EventType "tourn"]
[EventRounds "1"]
[EventCountry "POL"]
[SourceDate "2024.04.10"]

1. e4 c5 2. Nf3 e6 3. d4 cxd4 4. Nxd4 Nc6 5. Nc3 a6 6. a3 Qc7 7. Be3 Nf6 8. f4
d6 9. Qf3 Be7 10. Nxc6 bxc6 11. O-O-O Rb8 12. Bc4 d5 13. Bb3 Bb7 14. exd5 cxd5
15. Bd4 O-O 16. Kb1 Nd7 17. Rhg1 Bc5 18. g4 Bxd4 19. Rxd4 Nc5 20. Ba2 Bc6 21.
Qe3 Qa5 22. Ka1 Rb7 23. Rb1 Rfb8 24. g5 Qc7 25. h4 Rb6 26. h5 Qb7 27. h6 Qc7
28. hxg7 e5 29. fxe5 Ne6 30. Rxd5 Qb7 31. Rd6 Rxb2 32. Bb3 Rxb1+ 33. Kxb1 a5
34. a4 Rc8 35. g6 hxg6 36. Qh6 Nxg7 37. Rxg6 1-0

[Event "286th YMCA Spring A"]
[Site "Warsaw"]
[Date "2024.04.16"]
[Round "2"]
[White "Flis, Piotr"]
[Black "Polak, Michal"]
[Result "1/2-1/2"]
[WhiteElo "1891"]
[BlackElo "1952"]
[PlyCount "120"]
[EventDate "2024.04.10"]
[EventType "tourn"]
[EventRounds "1"]
[EventCountry "POL"]
[SourceDate "2024.04.10"]

1. Nf3 d5 2. e3 c5 3. b3 Nf6 4. Bb2 e6 5. c4 a6 6. cxd5 exd5 7. Be2 Nc6 8. d4
cxd4 9. Nxd4 Bb4+ 10. Bc3 Bd6 11. O-O Ne4 12. Nxc6 bxc6 13. Qd4 f6 14. Rd1 Qc7
15. g3 Bf5 16. Qa4 Bd7 17. Ba5 Qb8 18. Nd2 Nc5 19. Qh4 O-O 20. Rac1 Ne6 21. Bd3
g6 22. Nf3 Qe8 23. Qa4 Nc5 24. Qd4 Nxd3 25. Rxd3 Bf5 26. Rdd1 Be4 27. Nd2 c5
28. Qc3 Bf5 29. b4 Qb5 30. bxc5 Be5 31. Qb4 Bb2 32. Qxb5 axb5 33. Nb3 Bxc1 34.
Rxc1 Bd3 35. c6 Bc4 36. Bb4 Rfc8 37. Na5 Kf7 38. a3 Ke6 39. f3 Rc7 40. Kf2 Ra6
41. e4 dxe4 42. fxe4 Rca7 43. Nb7 Rxc6 44. Nd8+ Kd7 45. Rd1+ Kc7 46. Nxc6 Kxc6
47. Rd6+ Kb7 48. Rxf6 Ra6 49. Rxa6 Kxa6 50. Ke3 Kb6 51. Kf4 Kc6 52. Kg5 Bd3 53.
Kf4 Kd7 54. Ke5 Ke8 55. Kd4 Be2 $11 56. Ke3 Bd1 57. Kf4 Bc2 58. Ke5 h5 59. Kd5
Bd3 60. Bd2 Bc2 1/2-1/2

[Event "286th YMCA Spring A"]
[Site "Warsaw"]
[Date "2024.06.03"]
[Round "2"]
[White "Golecki, Jan"]
[Black "Rudolf, Michal"]
[Result "0-1"]
[WhiteElo "2166"]
[BlackElo "2268"]
[PlyCount "90"]
[EventDate "2024.04.10"]
[EventType "tourn"]
[EventRounds "1"]
[EventCountry "POL"]
[SourceDate "2024.04.10"]

1. e4 Nf6 2. e5 Nd5 3. d4 d6 4. Nf3 dxe5 5. Nxe5 c6 6. Qf3 Be6 7. Bc4 Nd7 8.
Nd3 g6 9. O-O Bg7 10. Re1 O-O 11. c3 Nb4 12. Bxe6 fxe6 13. Qe2 Nxd3 14. Qxd3 e5
15. Be3 Nb6 16. Qe4 Nc4 17. dxe5 Nxb2 18. Na3 Qa5 19. Nc4 Qa4 20. Nd2 Qxe4 21.
Nxe4 Nd3 22. Reb1 b6 23. e6 Nf4 24. Bxf4 Rxf4 25. Re1 Rd8 26. g3 Rf5 27. f4 Ra5
28. Rad1 Rdd5 29. c4 Rd4 30. c5 Rxa2 31. Rxd4 Bxd4+ 32. Kh1 bxc5 33. Rb1 Ra1
34. Rxa1 Bxa1 35. Kg2 a5 36. Nxc5 Bd4 37. Nb3 Bc3 38. g4 a4 39. Nc1 Bd2 40. Na2
Bxf4 41. h4 h5 42. Kf3 Bd2 43. Ke2 Ba5 44. g5 Kf8 45. Nc1 Bc7 0-1

[Event "286th YMCA Spring A"]
[Site "Warsaw"]
[Date "2024.04.24"]
[Round "2"]
[White "Lewandrowski, Tomasz"]
[Black "Choroszej, Aleksander"]
[Result "1-0"]
[WhiteElo "1919"]
[BlackElo "1962"]
[PlyCount "87"]
[EventDate "2024.04.10"]
[EventType "tourn"]
[EventRounds "1"]
[EventCountry "POL"]
[SourceDate "2024.04.10"]

1. b3 e5 2. Bb2 Nc6 3. e4 Nf6 4. Nf3 d6 5. d3 g6 6. g3 Bg7 7. Bg2 O-O 8. O-O h6
9. c4 Be6 10. Nc3 Qd7 11. Re1 Bg4 12. Qd2 Rac8 13. Nd5 Nxd5 14. cxd5 Nd4 15.
Nxd4 exd4 16. Qa5 c5 17. dxc6 bxc6 18. Rac1 c5 19. Rc4 Rfe8 20. Ra4 Re7 21. Rc1
h5 22. Qd2 Kh7 23. Ra6 Rb8 24. Rc4 Rb6 25. Rca4 Rxa6 26. Rxa6 Be6 27. Qa5 h4
28. Bc1 hxg3 29. hxg3 Bh3 30. Bg5 Bxg2 31. Kxg2 Re5 32. f4 Qg4 33. Qd2 Re6 34.
Rxa7 f6 35. Bh4 g5 36. fxg5 fxg5 37. Bxg5 Rg6 38. Bf4 Kg8 39. Qf2 Rf6 40. Qf3
Qg6 41. e5 dxe5 42. Qd5+ Kh7 43. Bxe5 Rf5 44. Qe4 1-0

[Event "286th YMCA Spring A"]
[Site "Warsaw"]
[Date "2024.04.19"]
[Round "2"]
[White "Chalupnik, Marcin"]
[Black "Borowy, Cezary"]
[Result "1/2-1/2"]
[WhiteElo "2056"]
[BlackElo "2006"]
[PlyCount "98"]
[EventDate "2024.04.10"]
[EventType "tourn"]
[EventRounds "1"]
[EventCountry "POL"]
[SourceDate "2024.04.10"]

1. e4 c5 2. Nf3 Nc6 3. d4 cxd4 4. Nxd4 e5 5. Nb5 a6 6. Nd6+ Bxd6 7. Qxd6 Qf6 8.
Qxf6 Nxf6 9. Nc3 Nb4 10. Bd3 h6 11. O-O d6 12. Bd2 Nxd3 13. cxd3 O-O 14. f4 Kh7
15. Ne2 Bg4 16. Ng3 exf4 17. Rxf4 Be6 18. Nf5 Rfd8 19. Nxg7 Kxg7 20. Bc3 Kh7
21. Rxf6 Rg8 22. Raf1 Raf8 23. R1f4 d5 24. e5 Rg6 25. Rxg6 Kxg6 26. Rf6+ Kg7
27. Bd2 Rh8 28. Kf2 Rc8 29. Bc3 Rc6 30. a3 h5 31. Ke3 Kf8 32. h3 Bd7 33. Kf4
Rxf6+ 34. exf6 Bb5 35. Kg5 Bxd3 36. Kxh5 Bf1 $11 37. Kg5 Bxg2 38. h4 Be4 39.
Kf4 Kg8 40. Ke5 Bd3 41. Bd4 a5 42. Kd6 b5 43. Ke7 Bg6 44. Kd6 a4 45. Kc5 Bd3
46. h5 Kh7 47. Be3 Bc4 48. Kd6 d4 49. Bxd4 Kh6 1/2-1/2

[Event "286th YMCA Spring A"]
[Site "Warsaw"]
[Date "2024.04.26"]
[Round "3"]
[White "Borowy, Cezary"]
[Black "Slomczewski, Michal"]
[Result "0-1"]
[WhiteElo "2006"]
[BlackElo "2106"]
[PlyCount "80"]
[EventDate "2024.04.10"]
[EventType "tourn"]
[EventRounds "1"]
[EventCountry "POL"]
[SourceDate "2024.04.10"]

1. d4 Nf6 2. Bf4 d6 3. Nc3 g6 4. e4 Bg7 5. Qd2 c6 6. Bh6 Bxh6 7. Qxh6 Qa5 8.
O-O-O Be6 9. d5 cxd5 10. Bb5+ Bd7 11. Bxd7+ Nbxd7 12. exd5 b5 13. Nf3 b4 14.
Nb1 Nxd5 15. Qg7 Rf8 16. Rhe1 O-O-O 17. Nd4 Qc5 18. Qxh7 e5 19. Nb3 Qxf2 20.
Qh3 Nf4 21. Qf3 Qxg2 22. Qe3 Nb6 23. N1d2 f5 24. Nf3 Nfd5 25. Qd3 Kb8 26. Na5
Rc8 27. Re2 Qg4 28. Qa6 Rc7 29. Rxd5 Nxd5 30. Qxd6 Ne7 31. Rxe5 Qxf3 32. Rxe7
Qf1+ 33. Kd2 Qf2+ 34. Re2 Qc5 35. Nc6+ Qxc6 36. Qxf8+ Rc8 37. Qxb4+ Ka8 38. c3
Rb8 39. Qa3 Rd8+ 40. Kc2 Qd5 0-1

[Event "286th YMCA Spring A"]
[Site "Warsaw"]
[Date "2024.05.16"]
[Round "3"]
[White "Choroszej, Aleksander"]
[Black "Chalupnik, Marcin"]
[Result "1/2-1/2"]
[WhiteElo "1962"]
[BlackElo "2056"]
[PlyCount "91"]
[EventDate "2024.04.10"]
[EventType "tourn"]
[EventRounds "1"]
[EventCountry "POL"]
[SourceDate "2024.04.10"]

1. d4 Nf6 2. c4 c5 3. d5 b5 4. cxb5 a6 5. b6 Qxb6 6. Nc3 d6 7. e4 g6 8. Be2 Bg7
9. Nf3 O-O 10. Nd2 Nbd7 11. Nc4 Qc7 12. a4 a5 13. Bd2 Ba6 14. Nb5 Bxb5 15. axb5
Nxe4 16. Bxa5 Qb7 17. O-O Bd4 18. Qc2 Qxd5 19. Bf3 f5 20. Ne3 Qe6 21. Ra3 d5
22. Bxe4 fxe4 23. Bc7 Ne5 24. b6 Qc6 25. Rd1 Nd3 26. Rxa8 Rxa8 27. b4 c4 28.
Rb1 Qb5 29. Qe2 Rf8 30. Rf1 h5 31. Qa2 e6 32. Qa5 Qxb4 33. Qxb4 Nxb4 34. Bd6
Bxb6 35. Bxb4 Ra8 36. Rb1 Bd4 37. Nd1 Ra2 38. Bc3 e5 39. Be1 Ra3 40. Kf1 Kf7
41. Rb7+ Ke6 42. Rg7 Kf6 43. Rd7 Ke6 44. Rg7 Kf6 45. Rd7 Ke6 46. Rg7 1/2-1/2

[Event "286th YMCA Spring A"]
[Site "Warsaw"]
[Date "2024.04.26"]
[Round "3"]
[White "Rudolf, Michal"]
[Black "Lewandrowski, Tomasz"]
[Result "1/2-1/2"]
[WhiteElo "2268"]
[BlackElo "1919"]
[PlyCount "89"]
[EventDate "2024.04.10"]
[EventType "tourn"]
[EventRounds "1"]
[EventCountry "POL"]
[SourceDate "2024.04.10"]

1. e4 c5 2. Nf3 Nc6 3. d4 cxd4 4. Nxd4 e5 5. Nb5 d6 6. N1c3 a6 7. Na3 Be7 8.
Nc4 b5 9. Ne3 Nf6 10. Ned5 Be6 11. Be2 Nd4 12. Be3 Bxd5 13. Nxd5 Nxd5 14. exd5
Nxe2 15. Qxe2 O-O 16. O-O f5 17. f3 f4 18. Bf2 Bh4 19. a4 Bxf2+ 20. Qxf2 Qe7
21. c3 Qb7 22. Rfd1 Rfc8 23. g3 fxg3 24. hxg3 bxa4 25. Rxa4 Qb3 26. Raa1 Rc5
27. Qd2 Rb5 28. Qd3 Rc5 29. Rd2 a5 30. Kg2 Rf8 31. Rh1 g6 32. Rh4 Qb7 33. Rc4
Rfc8 34. Rg4 Rb5 35. Kh3 Rb8 36. f4 Qg7 37. Qe2 Qd7 38. Kh2 Rxb2 39. Rxb2 Rxb2
40. Qxb2 Qxg4 41. Qb8+ Kg7 42. Qxd6 Qe2+ 43. Kh3 Qh5+ 44. Kg2 Qe2+ 45. Kh3
1/2-1/2

[Event "286th YMCA Spring A"]
[Site "Warsaw"]
[Date "2024.04.23"]
[Round "3"]
[White "Polak, Michal"]
[Black "Golecki, Jan"]
[Result "0-1"]
[WhiteElo "1952"]
[BlackElo "2166"]
[PlyCount "62"]
[EventDate "2024.04.10"]
[EventType "tourn"]
[EventRounds "1"]
[EventCountry "POL"]
[SourceDate "2024.04.10"]

1. e4 e5 2. Nf3 Nc6 3. Bb5 a6 4. Ba4 d6 5. O-O Bd7 6. c3 g6 7. d4 Bg7 8. Bg5 f6
9. Be3 Nh6 10. h3 O-O 11. Qb3+ Kh8 12. Bxc6 Bxc6 13. d5 Bd7 14. c4 b6 15. a4 f5
16. Bg5 Qc8 17. a5 Nf7 18. axb6 cxb6 19. Bd2 fxe4 20. Ng5 Nxg5 21. Bxg5 Rf5 22.
Be7 Qc5 23. Nd2 Rxf2 24. Nxe4 Rxf1+ 25. Kxf1 Qd4 26. Nxd6 Bf8 27. Bf6+ Kg8 28.
Nb7 Rb8 29. Nd8 Bc5 30. Qf3 Rxd8 31. Rd1 Qxc4+ 0-1

[Event "286th YMCA Spring A"]
[Site "Warsaw"]
[Date "2024.04.23"]
[Round "3"]
[White "Warszawski, Bartosz"]
[Black "Flis, Piotr"]
[Result "1-0"]
[WhiteElo "2118"]
[BlackElo "1891"]
[PlyCount "113"]
[EventDate "2024.04.10"]
[EventType "tourn"]
[EventRounds "1"]
[EventCountry "POL"]
[SourceDate "2024.04.10"]

1. e4 e6 2. d4 d5 3. Nc3 Bb4 4. Nge2 Nc6 5. a3 Ba5 6. Be3 Nge7 7. e5 Nf5 8. Qd2
f6 9. exf6 Qxf6 10. O-O-O O-O 11. Ng3 Nd6 12. f3 Bd7 13. h4 b5 14. b4 Bb6 15.
Nxb5 Nxb5 16. Bxb5 a5 17. Bxc6 Bxc6 18. Qc3 Bb5 19. Nh5 Qe7 20. Nf4 axb4 21.
Qxb4 Qd7 22. Nd3 Ba5 23. Qc5 Rfb8 24. Ne5 Qe8 25. Bd2 Bb6 26. Qc3 Ba4 27. Qd3
c5 28. dxc5 Bxc5 29. Bb4 Bxb4 30. axb4 Rc8 31. Rd2 Bxc2 32. Rxc2 Rxc2+ 33. Kxc2
Ra2+ 34. Kb1 Qa4 35. Qc3 h6 36. Nd3 Ra3 37. Nc5 Qa8 38. Qe5 Kh8 39. Re1 Ra7 40.
Qd4 Qb8 41. Rxe6 Rf7 42. Kb2 Qg3 43. Re8+ Kh7 44. Qd3+ g6 45. Re2 Qxh4 46. Kb3
Qg5 47. Qc3 Qf5 48. Re8 Qb1+ 49. Ka4 Qd1+ 50. Kb5 d4 51. Qc4 Rg7 52. Nd7 h5 53.
Nf6+ Kh6 54. Qd5 Qd3+ 55. Kb6 g5 56. Rh8+ Kg6 57. Ne4 1-0

[Event "286th YMCA Spring A"]
[Site "Warsaw"]
[Date "2024.04.25"]
[Round "3"]
[White "Basiaga, Sebastian"]
[Black "Kowalski, Witold"]
[Result "1-0"]
[WhiteElo "1917"]
[BlackElo "1925"]
[PlyCount "79"]
[EventDate "2024.04.10"]
[EventType "tourn"]
[EventRounds "1"]
[EventCountry "POL"]
[SourceDate "2024.04.10"]

1. b3 d5 2. Bb2 c5 3. e3 Nc6 4. Bb5 e6 5. Nf3 Nf6 6. Ne5 Bd7 7. Bxc6 Bxc6 8.
O-O Be7 9. d3 O-O 10. Nd2 Qc7 11. f4 Rfd8 12. Qe2 Rac8 13. Rf3 d4 14. e4 Be8
15. Rg3 b5 16. Ng4 Nxg4 17. Qxg4 Bf8 18. c4 Qe7 19. e5 f5 20. exf6 Qxf6 21. Re1
Qf5 22. Qf3 Bc6 23. Ne4 bxc4 24. bxc4 h6 25. Rh3 Rb8 26. Ba3 Bxe4 27. Rxe4 Rb1+
28. Kf2 g6 29. Re5 Qf7 30. Qe4 Re8 31. Bxc5 Rb2+ 32. Kg1 Bg7 33. Bxd4 Bxe5 34.
Bxe5 Rb1+ 35. Kf2 Kh7 36. Qe3 h5 37. g4 Kg8 38. gxh5 Qf5 39. hxg6 Qxg6 40. Rg3
1-0

[Event "286th YMCA Spring A"]
[Site "Warsaw"]
[Date "2024.04.30"]
[Round "4"]
[White "Slomczewski, Michal"]
[Black "Kowalski, Witold"]
[Result "1-0"]
[WhiteElo "2106"]
[BlackElo "1925"]
[PlyCount "105"]
[EventDate "2024.04.10"]
[EventType "tourn"]
[EventRounds "1"]
[EventCountry "POL"]
[SourceDate "2024.04.10"]

1. e4 c5 2. Nf3 e6 3. d4 cxd4 4. Nxd4 Nc6 5. Nc3 Qc7 6. Be3 a6 7. Qf3 Bb4 8.
O-O-O Nf6 9. Bf4 d6 10. Nb3 Ne5 11. Bxe5 dxe5 12. Rd3 Bd7 13. g4 Bc6 14. g5 Nd7
15. h4 Nc5 16. Nxc5 Bxc5 17. Bh3 Bd4 18. Kb1 Bxc3 19. Rxc3 O-O-O 20. h5 Kb8 21.
Qe3 Qd6 $11 22. a3 Qd4 23. Re1 Qxe3 24. Rcxe3 Rd7 25. b3 Kc7 26. g6 hxg6 27.
hxg6 Rh6 28. gxf7 Rxf7 29. Rg3 Rxf2 30. Rxg7+ Kb6 31. Re3 Rf4 32. Bg2 Rh2 33.
Rg6 Rf2 34. Reg3 Re2 35. R6g4 Kc5 36. Kb2 a5 37. Kc3 Rf2 38. Rg5 Kb6 39. b4
axb4+ 40. axb4 Re2 41. Kd3 Rf2 42. c4 Rb2 43. Kc3 Re2 44. R5g4 Rh6 45. b5 Be8
46. Rg8 Bh5 47. R3g7 Rf6 48. Re7 Bf3 49. Rb8 Kc5 50. Rc7+ Kd6 51. b6 Rf7 52.
Rd8+ Rd7 53. Rdxd7# 1-0

[Event "286th YMCA Spring A"]
[Site "Warsaw"]
[Date "2024.04.30"]
[Round "4"]
[White "Flis, Piotr"]
[Black "Basiaga, Sebastian"]
[Result "1-0"]
[WhiteElo "1891"]
[BlackElo "1917"]
[PlyCount "59"]
[EventDate "2024.04.10"]
[EventType "tourn"]
[EventRounds "1"]
[EventCountry "POL"]
[SourceDate "2024.04.10"]

1. d4 d5 2. c4 c6 3. Nf3 Nf6 4. Nc3 e6 5. Bg5 dxc4 6. e4 b5 7. e5 h6 8. Bh4 g5
9. exf6 gxh4 10. Ne5 Qxf6 11. a4 Bb7 12. axb5 cxb5 13. Bxc4 Bb4 14. Bxb5+ Kf8
15. O-O Rg8 16. g3 Qf5 17. Bd3 Qf4 18. Ne2 Qg5 19. Qb3 Qe7 20. Rfc1 a5 21. Qc2
Nd7 22. Be4 Nxe5 23. dxe5 Rc8 24. Qd3 Kg7 25. Nf4 Bxe4 26. Nh5+ Kg6 27. Qxe4+
Kxh5 28. Rxc8 Rxc8 29. h3 f5 30. exf6 1-0

[Event "286th YMCA Spring A"]
[Site "Warsaw"]
[Date "2024.04.30"]
[Round "4"]
[White "Golecki, Jan"]
[Black "Warszawski, Bartosz"]
[Result "1/2-1/2"]
[WhiteElo "2166"]
[BlackElo "2118"]
[PlyCount "79"]
[EventDate "2024.04.10"]
[EventType "tourn"]
[EventRounds "1"]
[EventCountry "POL"]
[SourceDate "2024.04.10"]

1. e4 c5 2. Nf3 g6 3. c3 Bg7 4. d4 cxd4 5. cxd4 d5 6. e5 Bg4 7. Qb3 Qd7 8. Nc3
Bxf3 9. gxf3 Nc6 10. Be3 e6 11. Na4 Nge7 12. Nc5 Qc7 13. Qxb7 Qxb7 14. Nxb7 O-O
15. Nd6 Rab8 16. Bb5 a6 17. Bxa6 Rxb2 18. O-O Nb4 19. Bb5 Nxa2 20. Bd7 h6 21.
Rfb1 Rxb1+ 22. Rxb1 Nf5 23. Nxf5 gxf5 24. Bd2 Rd8 25. Rb7 Bf8 26. Ba4 Ra8 27.
Bd1 Nb4 28. Kg2 Nc6 29. Rc7 Ra1 30. Rxc6 Rxd1 31. Be3 Kg7 32. Rc1 Rd3 33. Kf1
Rb3 34. Ke2 Rb2+ 35. Kd3 f4 36. Rg1+ Kh7 37. Bd2 Rb8 38. Ke2 Rb2 39. Kd3 Rb3+
40. Ke2 $11 1/2-1/2

[Event "286th YMCA Spring A"]
[Site "Warsaw"]
[Date "2024.05.20"]
[Round "4"]
[White "Lewandrowski, Tomasz"]
[Black "Polak, Michal"]
[Result "0-1"]
[WhiteElo "1919"]
[BlackElo "1952"]
[PlyCount "116"]
[EventDate "2024.04.10"]
[EventType "tourn"]
[EventRounds "1"]
[EventCountry "POL"]
[SourceDate "2024.04.10"]

1. d4 d5 2. Nc3 c5 3. e4 dxe4 4. d5 Nf6 5. Bf4 a6 6. a4 g6 7. Bc4 Bg7 8. Nge2
O-O 9. O-O b6 10. Qd2 Bb7 11. Rad1 Qc8 12. Ng3 Rd8 13. Ngxe4 Nxe4 14. Nxe4 b5
15. axb5 axb5 16. Bxb5 Rxd5 17. Qe2 Qf5 18. Bxb8 Rxb8 19. Ng3 Qf6 20. Rxd5 Bxd5
21. b3 h5 22. c4 Bb7 23. Re1 h4 24. Ne4 Qe5 25. Qe3 Rc8 26. h3 Qf5 27. Nd2 Rd8
28. Nf1 Bd4 29. Qe2 e5 30. Ne3 Qg5 31. Qg4 Qf6 32. Qe2 Kg7 33. Kh1 Qe6 34. f3
f5 35. Nc2 e4 36. fxe4 fxe4 37. Ne3 Rf8 38. Qg4 Qxg4 39. Nxg4 Ra8 40. Ba4 Rd8
41. Ne3 Bxe3 42. Rxe3 Rd1+ 43. Kh2 Rd3 44. Re1 e3 45. Kg1 Kf6 46. Kf1 Ke5 47.
b4 cxb4 48. c5 Rc3 49. c6 Bxc6 50. Bxc6 Rxc6 51. Rxe3+ Kd4 52. Rf3 Rc1+ 53. Ke2
Rc2+ 54. Kd1 Rxg2 55. Rf4+ Kc3 56. Rxh4 b3 57. Rh8 Rg1+ 58. Ke2 b2 0-1